00745nam a2200253 a 4500001001300000003000900013005001700022008004100039020001000080082001800090100002900108245003700137260003000174300000900204500003500213505002800248650002100276650001900297700002900316902000800345942000700353952011800360999001300478nice12345678IN_TiNIC20260116011339.0050524s1855 luca grp 000 0 per  ac10000a616.927bARZ1 aArzani H, Mohammad Akbar aNuskha-E-Sahihiya Taibb-E-Akbar. aLucknowbHind Pressc1855 a641p aincludes index and biblioraphy2 afour parts in two vols. aMedicine-Arabian aMedicine-Unani1 aArzani H, Mohammad Akbar bRHR cBK 001040708ReferHall-aHMIbHMId2007-06-12g100.00l0o616.927 ARZ1p04312r2007-06-12v100.00w2005-05-24yBK c722d722